Online
Catalog

La inmigración China a la República Dominicana : (Record no. 60843)

MARC details
000 -CABECERA
campo de control de longitud fija 01872nam a2200349 i 4500
003 - IDENTIFICADOR DEL NÚMERO DE CONTROL
campo de control AGN
005 - FECHA Y HORA DE LA ÚLTIMA TRANSACCIÓN
campo de control 20260601103431.0
007 - CAMPO FIJO DE DESCRIPCIÓN FÍSICA--INFORMACIÓN GENERAL
campo de control de longitud fija ta
008 - DATOS DE LONGITUD FIJA--INFORMACIÓN GENERAL
campo de control de longitud fija 260601e2025 dr ao||gq|||||||| |bspa d
020 ## - NÚMERO INTERNACIONAL ESTÁNDAR DEL LIBRO
Número Internacional Estándar del Libro 9789945251340.
040 ## - FUENTE DE LA CATALOGACIÓN
Centro catalogador/agencia de origen AGN
Lengua de catalogación spa
Centro/agencia transcriptor AGN
Centro/agencia modificador DO-SdBNP
Normas de descripción rda
041 ## - CÓDIGO DE LENGUA
Código de lengua del texto/banda sonora o título independiente spa
082 ## - NÚMERO DE LA CLASIFICACIÓN DECIMAL DEWEY
Número de clasificación 304.827293051
Número de documento/Ítem A473i 2025
Número de edición 22
100 1# - ENTRADA PRINCIPAL--NOMBRE DE PERSONA
Nombre de persona Álvarez López, Luis A.
9 (RLIN) 4755
Término indicativo de función/relación autor
245 ## - MENCIÓN DE TÍTULO
Título La inmigración China a la República Dominicana :
Resto del título diáspora, integración e identidad (siglos XIX-XXI) /
Mención de responsabilidad, etc. Luis A. Álvarez López. [y otros dos].
264 ## - PRODUCCIÓN, PUBLICACIÓN, DISTRIBUCIÓN, FABRICACIÓN Y COPYRIGHT
Producción, publicación, distribución, fabricación y copyright Santo Domingo, República Dominicana :
Nombre del de productor, editor, distribuidor, fabricante Archivo General de la Nación,
Fecha de producción, publicación, distribución, fabricación o copyright 2025.
300 ## - DESCRIPCIÓN FÍSICA
Extensión 269 páginas :
Otras características físicas ilustraciones, fotografías ;
Dimensiones 23 x 15 cm.
336 ## - TIPO DE CONTENIDO
Término de tipo de contenido texto
Código de tipo de contenido txt
Fuente rdacontent
337 ## - TIPO DE MEDIO
Nombre/término del tipo de medio sin mediación
Código del tipo de medio n
Fuente rdamedia
338 ## - TIPO DE SOPORTE
Nombre/término del tipo de soporte volumen
Código del tipo de soporte nc
Fuente rdacarrier
490 ## - MENCIÓN DE SERIE
Mención de serie Archivo General de la Nación ;
Designación de volumen o secuencia volumen 535.
500 ## - NOTA GENERAL
Nota general Incluye biografía del autor en la solapa.
505 ## - NOTA DE CONTENIDO CON FORMATO
Nota de contenido con formato Prólogo 9 -- Agradecimientos 23 -- Prefacio 27 -- I. La migración china a Latinoamérica y el Caribe 31 -- II. Inmigración, establecimiento e integración 91 -- III. Tenderos, comerciantes y empresarios 125 -- IV. Incorporación al mercado de trabajo 175 -- V. La geopolítica en el Caribe hispano 211 -- Bibliografía 243 -- Apéndices 249 -- Testimonio gráfico 263
590 ## - NOTA LOCAL (RLIN)
Nota local Inventariado, 2026/WG.
650 ## - PUNTO DE ACCESO ADICIONAL DE MATERIA--TÉRMINO DE MATERIA
Término de materia o nombre geográfico como elemento de entrada Chinos
Subdivisión general Población
Subdivisión geográfica República Dominicana
9 (RLIN) 106032
651 ## - PUNTO DE ACCESO ADICIONAL DE MATERIA--NOMBRE GEOGRÁFICO
Nombre geográfico China
Subdivisión general Emigración e inmigración
Subdivisión cronológica Siglos XIX-XXI
Subdivisión geográfica República Dominicana
9 (RLIN) 106033
651 ## - PUNTO DE ACCESO ADICIONAL DE MATERIA--NOMBRE GEOGRÁFICO
Nombre geográfico China
Subdivisión general Inmigrantes
Subdivisión geográfica República Dominicana
9 (RLIN) 89821
651 ## - PUNTO DE ACCESO ADICIONAL DE MATERIA--NOMBRE GEOGRÁFICO
Nombre geográfico República Dominicana
Subdivisión general Emigración e inmigración
Subdivisión cronológica Siglos XIX-XXI
Subdivisión geográfica China
9 (RLIN) 106034
700 ## - PUNTO DE ACCESO ADICIONAL--NOMBRE DE PERSONA
Nombre de persona Vera Riverón, Aimara
Término indicativo de función/relación corrección
9 (RLIN) 77931
700 ## - PUNTO DE ACCESO ADICIONAL--NOMBRE DE PERSONA
Nombre de persona Rosa, Yenifer de la
Término indicativo de función/relación diagramación
-- diseño de cubierta
9 (RLIN) 89660
942 ## - ELEMENTOS DE PUNTO DE ACCESO ADICIONAL (KOHA)
Fuente del sistema de clasificación o colocación Dewey Decimal Classification
Tipo de ítem Koha Libro
Holdings
Estado de retiro Estado de pérdida Fuente del sistema de clasificación o colocación Restricciones de uso No para préstamo Código de colección Localización permanente Ubicación/localización actual Ubicación en estantería Fecha de adquisición Total de préstamos Signatura topográfica completa Código de barras Fecha visto por última vez Precio válido a partir de Tipo de ítem Koha Número de copia
    Dewey Decimal Classification Excluido de préstamo   Patrimonio Dominicano Biblioteca Nacional Pedro Henríquez Ureña Biblioteca Nacional Pedro Henríquez Ureña En catalogación 01.06.2026   RD 304.827293051 A473i 2025 2026-4732 01.06.2026 01.06.2026 Libro  
    Dewey Decimal Classification Excluido de préstamo   Patrimonio Dominicano Biblioteca Nacional Pedro Henríquez Ureña Biblioteca Nacional Pedro Henríquez Ureña En catalogación 01.06.2026   RD 304.827293051 A473i 2025 2026-4733 01.06.2026 01.06.2026 Libro e.2
    Dewey Decimal Classification Excluido de préstamo   Patrimonio Dominicano Biblioteca Nacional Pedro Henríquez Ureña Biblioteca Nacional Pedro Henríquez Ureña En catalogación 01.06.2026   RD 304.827293051 A473i 2025 2026-4734 01.06.2026 01.06.2026 Libro e.3

Powered by Koha